An act relating to, regulating, and providing for the government of cities, towns, boroughs, and other municipalities within this state. Approved April 25th, 1911. Chapter 221--laws of 1911.
Saved in:
| Corporate Author: | |
|---|---|
| Format: | Book |
| Language: | English |
| Published: |
Trenton,
MacCrellish & Quigley, state printers,
1911.
|
| Subjects: | |
| Tags: |
Add Tag
No Tags, Be the first to tag this record!
|
| LEADER | 00883nam a2200241I 4500 | ||
|---|---|---|---|
| 001 | 006281145-2 | ||
| 005 | 20020606163548.3 | ||
| 008 | 951212s1911 nju s000 0 eng | ||
| 010 | |a 11025006 | ||
| 035 | 0 | |a ocm81607659 | |
| 040 | |a DLC |c HLS | ||
| 050 | 0 | |a JS451 |b .N52 1911 | |
| 110 | 1 | |a New Jersey. |k Laws, statutes, etc. | |
| 245 | 1 | 3 | |a An act relating to, regulating, and providing for the government of cities, towns, boroughs, and other municipalities within this state. |b Approved April 25th, 1911. Chapter 221--laws of 1911. |
| 246 | 3 | |a Government of cities. | |
| 260 | |a Trenton, |b MacCrellish & Quigley, state printers, |c 1911. | ||
| 300 | |a 23 p. |c 23 cm. | ||
| 500 | |a At head of title: State of New Jersey. | ||
| 650 | 0 | |a Municipal government |z New Jersey. | |
| 650 | 0 | |a Municipal finance |z New Jersey. | |
| 690 | 9 | |a Cities |z New Jersey. |5 wid | |
| 988 | |a 20020608 | ||
| 906 | |0 DLC | ||


